000 00453nam a2200181Ia 4500
001 11445
005 20260306162828.0
008 260306t1981||||xx |||||||||||||| ||spa||
041 _aESP
082 _a985.052
_bS25
100 _aSanta-Cruz Schuhkrafft, Andrés de
_eAUT
245 0 _aArchivo histórico del Mariscal Andrés de Santa-Cruz
260 _c1981
300 _a
_c24 cm.
650 _aGEN
654 _aCHU
942 _cLIB
_dJUS
_fJUS
_2ddc
_n
999 _c11445
_d11445